Best practice : Business english in context : Teacher's resource book

Sparad:
Bibliografiska uppgifter
Huvudupphovsman: Kerridge, David
Materialtyp: Bok
Språk:Undetermined
Publicerad: Oxford Oxford university press 2005
Ämnen:
Taggar: Lägg till en tagg
Inga taggar, Lägg till första taggen!
Thư viện lưu trữ: Trung tâm Học liệu Trường Đại học Cần Thơ
LEADER 00596nam a2200217Ia 4500
001 CTU_101021
008 210402s9999 xx 000 0 und d
020 |c 162000 
082 |a 428.0071 
082 |b K41 
100 |a Kerridge, David 
245 0 |a Best practice : 
245 0 |b Business english in context : Teacher's resource book 
245 0 |c David Kerridge 
260 |a Oxford 
260 |b Oxford university press 
260 |c 2005 
650 |a English language 
650 |x Study ans teaching 
910 |a Vương 
980 |a Trung tâm Học liệu Trường Đại học Cần Thơ